Iniciantes F1 II - Statistics

Estatísticas Gerais
  • Esse quiz foi jogado 40 vezes
  • A pontuação média é 9 de 15
Estatísticas das Respostas
Pergunta Resposta % Correto
Quem é o único piloto a passar das 100 vitórias na F1? Lewis Hamilton
93%
Quem foi o companheiro de Lewis Hamilton entre 2017 e 2021 Valtteri Bottas
83%
Qual o último ano da Alfa Romeo na F1? 2023
72%
Qual foi o primeiro ano de Mark Webber na Red Bull? 2007
69%
Quem era o colega de equipa de Lewis Hamilton em 2007 na McLaren? Fernando Alonso
66%
Em que país se situa a pista de Paul Ricard? França
66%
Junto de Sebastian Vettel, quem ganhou mais corridas consecutivamente? Max Verstappen
66%
Quando foi o primeiro GP de Monaco? 1950
62%
Em que GP morreu Ayrton Senna? San Marino
55%
Max Verstappen substituiu quem na Red Bull? Daniil Kvyat
48%
Quem foi o substituto de Fernando Alonso na Ferrari? Kimi Raikkonen
41%
Quem era o colega de equipa de Esteban Gutiérrez em 2016 na Haas? Romain Grosjean
41%
Maldonado venceu por qual equipa? Williams
41%
Qual a primeira equipa de Robert Kubica na F1? Renault
38%
Qual a maior pista da F1 na atualidade? Spa-Francorchamps
24%
Nenhum quiz correspondente encontrado
Distribuição das Pontuações
Porcentagem de Pessoas com Cada Pontuação
Percentil de Números Respondidos
Sua Pontuação Histórica
Você não jogou esse quiz